00890nam a2200253 a 4500001001300000003000900013005001700022008004100039020001200080082001800092100001700110245003500127260004100162300001000203500003500213505003000248650003400278700001700312902000800329942000700337952012900344952014600473999001700619nice12345678IN_TiNIC20260116013927.0050524s1997 oxfa grp 000 0 eng  ac22.9500a297.1226bESA aEsack, Farid aQuran Liberation and Pluralism aOxfordbOne World Publicationsc1997 a288p. aincludes index and biblioraphy2 aBibliography, Maps, Index aQuran and Liberation Theology1 aEsack, Farid bSRS cBK 001040708StackRoom-aHMIbHMId2007-08-01g22.95l1o297.1226 ESAp017581r2018-08-13s2018-07-26v22.95w2005-05-24yBK 001040708NFICaHMIbHMIcGENd2007-08-01eDr. Andreas D'Souza collectiong22.95l0o297.1226 ESA C2p11002929r2026-01-16w2026-01-16yBK c13143d13143